Kpop Idol Born In 2002 - Statistics

General Stats
  • This quiz has been taken 16 times
  • The average score is 28 of 68
Answer Stats
Group DOB Idol % Correct
TXT 14/08/2002 HUENING KAI
100%
ENHYPEN 20/04/2002 JAY
100%
TXT 05/02/2002 TAEHYUN
94%
ONE PACT 30/09/2002 TAG
94%
ALLDAY PROJECT 23/01/2002 ANNIE
88%
ENHYPEN 15/11/2002 JAKE
88%
aespa 23/10/2002 NINGNING
88%
ENHYPEN 08/12/2002 SUNGHOON
88%
ALLDAY PROJECT 27/09/2002 TARZZAN
88%
NMIXX 17/10/2002 LILY
81%
KISS OF LIFE 30/05/2002 NATTY
81%
KATSEYE 31/12/2002 SOPHIA
81%
XG 18/12/2002 HARVEY
75%
RIIZE 02/03/2002 WONBIN
75%
IVE 24/09/2002 GAEUL
69%
STAYC 23/01/2002 ISA
69%
NCT 05/02/2002 JISUNG
63%
XG 19/06/2002 JURIN
63%
ZEROBASEONE 28/05/2002 MATTHEW
63%
NiziU 08/04/2002 MAYA
63%
XG 17/01/2002 CHISA
56%
Xdinary Heroes 14/01/2002 GAON
56%
EVNNE 01/03/2002 HANBIN
56%
XG 11/06/2002 HINATA
56%
XLOV 26/07/2002 HYUN
56%
Billlie 21/09/2002 TSUKI
56%
&TEAM 09/07/2002 NICHOLAS
50%
Kep1er 26/04/2002 CHAEHYUN
44%
&TEAM 07/09/2002 EJ
44%
Xdinary Heroes 11/06/2002 O.DE
44%
TEMPEST 09/05/2002 TAERAE
44%
ZEROBASEONE 14/07/2002 TAERAE
44%
Xdinary Heroes 12/09/2002 JOOYEON
38%
Xdinary Heroes 18/08/2002 JUN HAN
38%
NCT 11/05/2002 SION
38%
LOONAEx-Loossemble Soloiist 11/11/2002 YEOJIN
38%
WHIB 31/12/2002 JUNMIN
25%
Niziu 26/10/2002 RIKU
25%
NiziU 04/02/2002 RIO
25%
tripleS 13/10/2002 SOHYUN
25%
tripleS 25/05/2002 XINYU
25%
JUSTB 21/02/2002 DY
19%
EVNNE 11/09/2002 JEONGHYEON
19%
ALPHA DRIVE ONE 22/08/2002 LEO
19%
YOUNITE 09/03/2002 STEVE
19%
AHOF 23/04/2002 WOONGKI
19%
LIGHTSUM 16/09/2002 CHOWON
13%
YOUNITE 26/10/2002 EUNSANG
13%
CRAVITY 30/11/2002 HYEONGJUN
13%
YOUNITE 06/11/2002 HYUNGSEOK
13%
8TURN 02/07/2002 JAEYUN
13%
idntt 07/07/2002 JIWOON
13%
tripleS 12/05/2002 MAYU
13%
CRAVITY 17/09/2002 MINHEE
13%
8TURN 14/10/2002 MINHO
13%
tripleS 13/10/2002 NAKYOUNG
13%
MODYSSEY 13/10/2002 ROWAN
13%
JUSTB 03/09/2002 SANGWOO
13%
AHOF 02/07/2002 SHUAIBO
13%
POW 11/04/2002 YORCH
13%
AMPERS&ONE 27/08/2002 BRIAN
6%
NOWZ 31/08/2002 HYEONBIN
6%
LIGHTSUM 30/11/2002 NAYOUNG
6%
LIGHTSUM 04/09/2002 SANGAH
6%
TNX 19/11/2002 TAEHUN
6%
EPEX 11/06/2002 WISH
6%
WHIB 16/04/2002 JIBEOM
0%
n.SSign 05/08/2002 SUNGYUN
0%
No matching quizzes found
Score Distribution
Percent of People with Each Score
Percentile by Number Answered
Your Score History
You have not taken this quiz